| 000 | 00601nam a2200205Ia 4500 | ||
|---|---|---|---|
| 999 |
_c36285 _d36285 |
||
| 001 | 2192 | ||
| 003 | GE_BSU | ||
| 005 | 20221021113517.0 | ||
| 008 | 181216s1979ru xx |||||||||||||| ||rus|| | ||
| 040 | _cGE_BSU | ||
| 041 | _arus | ||
| 080 | _a37.01 М-15 | ||
| 100 |
_aМакаренко,А. _915419 |
||
| 245 |
_aПедагогическая поэма / _cА. Макаренко. |
||
| 264 |
_aМосква : _bПравда, _c1979. |
||
| 300 | _a640 стр.: | ||
| 653 | _aПедагогическая поэма | ||
| 653 | _aპედაგოგიური პოემა | ||
| 942 |
_cBK _2udc |
||